000 00981cam a2200241 a 4500
003 EG-GiCUC
008 170220s2015 is g 000 0 ara d
040 _aEG-GiCUC
_bara
_cEG-GiCUC
092 0 4 _a410.7
_bH2242
_221
099 _a04
_a410.7 H2242
100 1 _aحماد : خليل عبد الفتاح
245 1 2 _aالموسوعة التربوية فى شرح اساسيات اللغة العربية /
_cتأليف خليل عبد الفتاح حماد
250 _aط1
260 _aغزة : فلسطين :
_bمكتبة سمير منصور للطباعة و النشر و التوزيع :
_c 2015
300 _a414ص؛
_c24 سم
504 _aيشتمل على ارجاعات ببليوجرافية(ص405 - 409)
650 7 _aاللغة العربية
_xتعليم و تدريس
_2qrmak
902 _a3
905 _aايمان
_eمراجع
905 _aعفاف
_eمدخل
942 _2ddc
_cBK
999 _c146462
_d146462